Top 5 European Leagues Top Assisters: 2017/18 - Statistics

General Stats
  • This quiz has been taken 10 times
  • The average score is 17 of 26
Answer Stats
League Assists Club Nationality Player % Correct
Premier League 11 Tottenham Denmark Christian Eriksen
100%
Premier League 11 Manchester City Spain David Silva
100%
Premier League 16 Manchester City Belgium Kevin De Bruyne
100%
La Liga 14 Barcelona Argentina Lionel Messi
100%
La Liga 13 Barcelona Uruguay Luis Suarez
100%
Premier League 11 Liverpool Egypt Mohamed Salah
100%
Ligue 1 14 PSG Brazil Neymar
100%
Premier League 15 Manchester City Germany Leroy Sane
90%
Bundesliga 16 Bayern Munich Germany Thomas Muller
90%
La Liga 10 Real Madrid France Karim Benzema
80%
Ligue 1 13 Lyon Netherlands Memphis Depay
80%
Premier League 12 Manchester City England Raheem Sterling
80%
Serie A 11 Inter Croatia Ivan Perisic
70%
Serie A 12 Juventus Brazil Douglas Costa
60%
Bundesliga 11 Bayern Munich Colombia James Rodriguez
60%
Bundesliga 12 Bayern Munich Germany Joshua Kimmich
60%
Ligue 1 14 Marseille France Dimitri Payet
50%
La Liga 11 Valencia Portugal Goncalo Guedes
50%
Serie A 11 Napoli Spain Jose Callejon
50%
Serie A 12 Roma Serbia Aleksandr Kolarov
40%
Ligue 1 11 Marseille France Florian Thauvin
40%
Serie A 14 Lazio Spain Luis Alberto
40%
Bundesliga 11 Schalke Italy Daniel Caligiuri
30%
Ligue 1 11 Metz Togo Mathieu Dossevi
0%
La Liga 12 Villarreal Spain Pablo Fornals
0%
Bundesliga 13 Augsburg Germany Philipp Max
0%
No matching quizzes found
Score Distribution
Percent of People with Each Score
Percentile by Number Answered
Your Score History
You have not taken this quiz